| 000 | 00462nam a2200181Ia 4500 | ||
|---|---|---|---|
| 001 | 20539 | ||
| 005 | 20260306172813.0 | ||
| 008 | 260306t2019||||xx |||||||||||||| ||spa|| | ||
| 041 | _aESP | ||
| 082 |
_a343.4 _bC34C |
||
| 100 |
_aCastillo Córdova, Luis _eAUT |
||
| 245 | 0 | _aCuestiones teóricas y prácticas en torno al hábeas corpus | |
| 260 | _c2019 | ||
| 300 |
_a478 páginas : _c25 cm. |
||
| 650 | _aGEN | ||
| 654 | _aCDE | ||
| 942 |
_cLIB _dJUS _fJUS _2ddc _n |
||
| 999 |
_c20539 _d20539 |
||